000 00453pam a2200169 a 4500
020 _a0442239122
040 _cDLC
082 0 0 _a631 REI 1991
100 1 _aKays, Stanley J.
245 1 0 _aPostharvest physiology of perishable plant products /
260 _aNew York :
_bVan Nostrand Reinhold,
_cc1991.
300 _axi, 532 p. :
_bill. ;
_c27 cm.
500 _a"An AVI book."
650 0 _aPlant products
650 0 _aPlant products
942 _cAEDBB
999 _c11273
_d11273